Nicki Minaj's UK Singles Chart History - Statistics

General Stats
  • This quiz has been taken 15 times
  • The average score is 33 of 82
Answer Stats
Peak Position Song Weeks On Chart Debut Date % Correct
#1 Bang Bang 46 Oct 4th 2014
100%
#2 Starships 45 Feb 25th 2012
100%
#3 Anaconda 14 Oct 18th 2014
92%
#20 Bed 12 Jun 28th 2018
92%
#8 Super Bass 49 May 21st 2011
92%
#26 Chun-Li 9 Apr 26th 2018
85%
#8 Pound The Alarm 28 Apr 14th 2012
85%
#4 Side To Side 32 Jun 2nd 2016
85%
#5 Super Freaky Girl 16 Aug 25th 2022
85%
#34 MEGATRON 4 Jul 4th 2019
69%
#28 Red Ruby Da Sleeze 7 Mar 16th 2023
69%
#6 Swalla 31 Mar 9th 2017
69%
#20 Va Va Voom 15 Oct 6th 2012
69%
#71 Your Love 8 Aug 28th 2010
69%
#36 Barbie Dreams 7 Aug 23rd 2018
62%
#31 Barbie Tingz 2 Apr 26th 2018
62%
#31 Do We Have A Problem? 3 Feb 17th 2022
62%
#16 Fly 17 Sep 10th 2011
62%
#40 FTCU 5 Dec 28th 2023
62%
#4 Barbie World 15 Jul 6th 2023
54%
#4 Boyz 7 Oct 21st 2021
54%
#9 Hey Mama 25 May 2nd 2015
54%
#31 High School 7 Dec 1st 2012
54%
#8 Turn Me On 32 Sep 10th 2011
54%
#2 Woman Like Me 20 Oct 25th 2018
54%
#3 Beauty And A Beat 28 Jun 30th 2012
46%
#11 Check It Out 15 Nov 13th 2010
46%
#64 Feeling Myself 2 May 30th 2015
46%
#22 Moment 4 Life 15 Feb 12th 2011
46%
#35 Only 9 Nov 15th 2014
46%
#63 Stupid Hoe 2 Feb 4th 2012
46%
#19 Swish Swish 23 Jun 1st 2017
46%
#57 the light is coming 4 Jun 28th 2018
46%
#69 Yikes 1 Feb 20th 2020
46%
#73 Bed Of Lies 2 Dec 20th 2014
38%
#70 Bussin 1 Feb 24th 2022
38%
#17 FEFE 11 Aug 2nd 2018
38%
#40 Hot Girl Summer 9 Aug 22nd 2019
38%
#49 No Frauds 1 Mar 23rd 2017
38%
#31 Pills N Potions 9 May 31st 2014
38%
#69 Regret In Your Tears 1 Mar 23rd 2017
38%
#12 TROLLZ 5 Jun 25th 2020
38%
#3 Where Them Girls At 26 May 14th 2011
38%
#9 2012 (It Ain't The End) 9 Oct 30th 2010
31%
#55 All Eyes On You 16 Jul 9th 2015
31%
#26 Everybody 9 Dec 21st 2023
31%
#46 Last Time I Saw You 2 Sep 14th 2023
31%
#41 Majesty 3 Aug 23rd 2018
31%
#49 Motorsport 17 Nov 9th 2017
31%
#30 Pink Friday Girls 9 Dec 21st 2023
31%
#98 Whip It 1 Apr 14th 2012
31%
#37 Alone 6 May 4th 2023
23%
#51 Bad To You 2 Nov 14th 2019
23%
#56 Big Foot 1 Feb 8th 2024
23%
#26 Goodbye 15 Sep 6th 2018
23%
#64 Light My Body Up 2 Apr 6th 2017
23%
#32 Love More 8 Aug 31st 2013
23%
#49 Make Me Proud 3 Nov 5th 2011
23%
#29 MAMA 4 Dec 6th 2018
23%
#70 Right By My Side 7 Jun 2nd 2012
23%
#71 Right Thru Me 4 Dec 4th 2010
23%
#84 Roman In Moscow 1 Dec 17th 2011
23%
#20 Run Up 16 Feb 9th 2017
23%
#42 Seeing Green 2 May 27th 2021
23%
#16 She Came To Give It To You 3 Oct 18th 2014
23%
#89 AGATS2 (Insecure) 1 Nov 28th 2024
15%
#70 Ball For Me 4 Jun 21st 2018
15%
#87 Bom Bidi Bom 1 Feb 23rd 2017
15%
#37 Give Me All Your Luvin' 4 Feb 18th 2012
15%
#97 I'm Legit 1 Dec 1st 2012
15%
#88 Nice To Meet Ya 1 Feb 13th 2020
15%
#71 Bottoms Up 3 Mar 5th 2011
8%
#65 Flawless Remix 1 Dec 6th 2014
8%
#19 Get Like Me 4 Oct 12th 2013
8%
#86 Get On Your Knees 1 Dec 27th 2014
8%
#24 Girls Fall Like Dominoes 8 Apr 2nd 2011
8%
#54 I'm Out 1 Jul 20th 2013
8%
#83 What's Wrong With Them 2 Oct 16th 2010
8%
#96 You Already Know 1 Sep 7th 2017
8%
#58 Needle 1 Dec 21st 2023
0%
#87 The Way Life Goes 3 Nov 16th 2017
0%
#79 Touchin, Lovin 2 Jul 12th 2014
0%
No matching quizzes found
Score Distribution
Percent of People with Each Score
Percentile by Number Answered
Your Score History
You have not taken this quiz